000 00476nam a2200181Ia 4500
008 240925s9999 xx 000 0 und d
020 _a1572594926
082 _a530 TIP
100 _aTipler ,Paul A.
245 0 _aPhysics: for scienctists and engineers
250 _a4th
260 _aNew York:
_bWorth Publishers
_c,1999.
300 _axxv,484p.
_b3
_fPirated
500 _aIncludes Index
600 _aHumanities & Natural Science
650 _aPhysics
942 _cBK
999 _c8511
_d8511